Łatwa matematyka - whammies - Statystyki

Ogólne statystyki
  • Ten quiz został rozwiązany 270 razy
  • Średni wynik to 11 z 20
Statystyki odpowiedzi
Działanie Wynik % Poprawnych
1×1 1
100%
1/1 1
100%
13-10 3
100%
10-6 4
100%
14-8 6
100%
3×2 6
100%
1+1+4 6
100%
7+1 8
100%
32/4 8
100%
1+4+3 8
100%
10-1 9
100%
1+1+7 9
100%
4+3+2 9
100%
4+4+1 9
100%
7+1+1 9
100%
21/7 3
90%
4+1+2 7
89%
8/1 8
89%
1+5+3 9
89%
1+6 7
88%
80/10 8
88%
3+2+4 9
88%
2-2 0
86%
2+4+2 8
86%
3+2+3 8
86%
18/2 9
86%
2+4+3 9
86%
8-8 0
85%
1+1+1 3
85%
9-6 3
83%
5-1 4
83%
2+1+1 4
83%
1+1+3 5
83%
2+3+3 8
83%
5-3 2
80%
6-3 3
80%
18/6 3
80%
12-8 4
80%
12-6 6
80%
8-1 7
80%
13-6 7
80%
3+1+4 8
80%
6-6 0
78%
4/4 1
78%
9-3 6
78%
18-10 8
78%
72/9 8
78%
7-5 2
75%
8/4 2
75%
9/3 3
75%
3+1 4
75%
1×4 4
75%
12-7 5
75%
3+1+1 5
75%
16-10 6
75%
1+1+5 7
75%
2+4+1 7
75%
8+1 9
75%
3+4+2 9
75%
9/1 9
73%
81/9 9
73%
4-2 2
71%
2+1 3
71%
3+1+2 6
71%
5+3 8
71%
13-5 8
71%
2+5+1 8
71%
5+2+1 8
71%
11-2 9
71%
3+1+5 9
71%
5/5 1
70%
20/4 5
70%
4+2 6
70%
4+4 8
70%
1+6+1 8
70%
6+3 9
69%
5-4 1
67%
10-9 1
67%
11-10 1
67%
9/9 1
67%
10/10 1
67%
6-4 2
67%
8-6 2
67%
8-5 3
67%
10-7 3
67%
1+3 4
67%
12/3 4
67%
40/10 4
67%
50/10 5
67%
1+2+2 5
67%
2+1+2 5
67%
12/2 6
67%
24/4 6
67%
56/8 7
67%
70/10 7
67%
12-4 8
67%
17-9 8
67%
4×2 8
67%
8×1 8
67%
3+4+1 8
67%
2+7 9
67%
5+4 9
67%
17-8 9
67%
9×1 9
67%
90/10 9
67%
1+7+1 9
67%
2+3+4 9
67%
2+5+2 9
67%
6+2+1 9
67%
3-1 2
64%
14/7 2
64%
5+1 6
64%
6+1+2 9
64%
7-3 4
63%
4/1 4
63%
4+1 5
63%
40/8 5
63%
3+3 6
63%
18/3 6
63%
1×7 7
63%
49/7 7
63%
3+2+2 7
63%
2+6 8
63%
11-3 8
63%
16-8 8
63%
64/8 8
63%
3+5+1 9
63%
3/3 1
62%
12-5 7
62%
7/7 1
60%
4/2 2
60%
10/5 2
60%
1×3 3
60%
30/10 3
60%
14-10 4
60%
11-6 5
60%
10/2 5
60%
35/7 5
60%
1+5 6
60%
7-1 6
60%
12/2 6
60%
1+2+3 6
60%
2+2+2 6
60%
4+3 7
60%
14-7 7
60%
7/1 7
60%
3+1+3 7
60%
3+3+1 7
60%
2+1+5 8
60%
7+2 9
60%
1+6+2 9
60%
3+3+3 9
60%
6/1 6
58%
1+3+2 6
58%
2-1 1
57%
3-2 1
57%
12/6 2
57%
7-4 3
57%
3/1 3
57%
8-4 4
57%
16/4 4
57%
1+1+2 4
57%
6-1 5
57%
15-10 5
57%
30/6 5
57%
1+3+1 5
57%
4+2+1 7
57%
2×4 8
57%
6+1+1 8
57%
72/8 9
57%
9-7 2
56%
24/6 4
56%
3+3+2 8
56%
16-7 9
56%
4+1+4 9
56%
4×1 4
55%
7-2 5
55%
11-5 6
55%
1×6 6
55%
54/9 6
55%
1-1 0
50%
10-10 0
50%
4-3 1
50%
6-5 1
50%
6/6 1
50%
8/8 1
50%
10-8 2
50%
2/1 2
50%
18/9 2
50%
4-1 3
50%
3×1 3
50%
6-2 4
50%
9-5 4
50%
20/5 4
50%
32/8 4
50%
1+2+1 4
50%
1+4 5
50%
9-4 5
50%
13-8 5
50%
14-9 5
50%
25/5 5
50%
8-2 6
50%
2×3 6
50%
6×1 6
50%
42/7 6
50%
60/10 6
50%
2+1+3 6
50%
2+5 7
50%
10-3 7
50%
16-9 7
50%
28/4 7
50%
42/6 7
50%
2+1+4 7
50%
2+2+3 7
50%
3+5 8
50%
40/5 8
50%
1+2+5 8
50%
1+3+4 8
50%
4+3+1 8
50%
3+6 9
50%
12-3 9
50%
13-4 9
50%
14-5 9
50%
15-6 9
50%
19-10 9
50%
63/7 9
50%
1+2+6 9
50%
2+2+5 9
50%
2+6+1 9
50%
5+1+3 9
50%
5+3+1 9
50%
12-10 2
47%
2+2 4
46%
2+3 5
45%
10-5 5
45%
12/4 3
44%
2+4 6
44%
3+4 7
44%
5+2 7
44%
1+4+2 7
44%
6+2 8
44%
1+1+6 8
44%
4-4 0
43%
12-9 3
43%
45/9 5
43%
14/2 7
43%
56/7 8
43%
5+2+2 9
43%
15-9 6
42%
2/2 1
40%
1+2 3
40%
24/8 3
40%
11-7 4
40%
8/2 4
40%
28/7 4
40%
8-3 5
40%
15/3 5
40%
7×1 7
40%
1+2+4 7
40%
1+5+1 7
40%
9-1 8
40%
14-6 8
40%
4+2+2 8
40%
3×3 9
40%
45/5 9
40%
2+1+6 9
40%
9-8 1
38%
6/3 2
38%
5/1 5
38%
30/5 6
38%
48/8 6
38%
4+1+1 6
38%
17-10 7
38%
1+7 8
38%
15-7 8
38%
27/3 9
38%
7-7 0
33%
7-6 1
33%
2×1 2
33%
15/5 3
33%
27/9 3
33%
13-9 4
33%
1×5 5
33%
5×1 5
33%
2+2+1 5
33%
36/6 6
33%
2+3+1 6
33%
6+1 7
33%
11-4 7
33%
2+3+2 7
33%
24/3 8
33%
4+1+3 8
33%
5+1+2 8
33%
1+8 9
33%
4+5 9
33%
1×9 9
33%
36/4 9
33%
1+4+4 9
33%
4+2+3 9
33%
3+2 5
30%
1+3+3 7
30%
9-9 0
29%
20/10 2
29%
36/9 4
29%
1+4+1 6
29%
5+1+1 7
29%
10-2 8
29%
16/2 8
29%
5-5 0
25%
11-9 2
25%
1×2 2
25%
2×2 4
25%
10-4 6
25%
13-7 6
25%
9-2 7
25%
35/5 7
25%
2+2+4 8
25%
18-9 9
25%
54/6 9
25%
1+3+5 9
22%
3-3 0
20%
8-7 1
20%
5-2 3
20%
15-8 7
20%
1+5+2 8
18%
3+2+1 6
17%
21/3 7
17%
48/6 8
17%
1+1 2
13%
16/8 2
0%
11-8 3
0%
6/2 3
0%
63/9 7
0%
1×8 8
0%
Nie znaleziono quizów pasujących do podanych kryteriów
Rozkład punktacji
Procent ludzi z każdym wynikiem
Percentyl według liczby udzielonych odpowiedzi
Twoja historia wyników
Nie rozwiązałeś tego quizu